00807cam a2200277 i 450000100090000000300040000900500170001300800410003001000170007102000250008802000270011304000280014004200080016805000180017608200210019410000270021524500320024225000190027426400500029330000310034333600210037433700250039533800230042050400690044365000170051217930302OSt20210205144129.0131104s2014 flu b 001 0 eng  a 2013038294 a9781621366041 (pbk.) z9781621366058 (e-book) aDLCbengcDLCerdadDLC apcc00aBT121.3bK33H00a231/.3223bK33H1 aKendall, R. T.,d1935-10aHoly fire /cR. T. Kendall. aFirst edition. 1aLake Mary, Florida :bCharisma House,c[2014] axxxvii, 209 pages ;c23 cm atext2rdacontent aunmediated2rdamedia avolume2rdacarrier aIncludes bibliographical references (pages 192-196) and indexes. 0aHoly Spirit.